| 000 | 00850nam a22001817a 4500 | ||
|---|---|---|---|
| 999 |
_c7881 _d7881 |
||
| 005 | 20240313133715.0 | ||
| 008 | 230717b ||||| |||| 00| 0 eng d | ||
| 040 | _aCDMR | ||
| 110 | 1 |
_92829 _aBarcelona _b -- Ajuntament. Departament de Promoció de les Persones Grans |
|
| 245 |
_aCom combatre l'edatisme vers les persones grans _b: de la teoria a la pràctica : Guia Maig 2023 _c/ Ajuntament de Barcelona. Departament de Promoció de les Persones Grans |
||
| 260 |
_aBarcelona : _bAjuntament, _c2023 |
||
| 300 | _a47 pàgines | ||
| 650 | 0 |
_94942 _aEdatisme |
|
| 650 | 0 |
_94943 _aDiscriminació per l'edat |
|
| 650 | 0 |
_9983 _aÈtica periodística _vManuals d'estil |
|
| 856 |
_uhttps://ajuntament.barcelona.cat/dretssocials/sites/default/files/arxius-documents/com_combatre_ledatisme_vers_les_persones_grans.pdf _zAccés en línia |
||
| 942 |
_2udc _cFULLET |
||